Statystyki dla Naj.... Kontynentu Australijskiego

Kliknij tutaj aby rozwiązać quiz!

Ogólne statystyki

  • Ten quiz został rozwiązany 218 razy
  • Średni wynik to 4 z 10

Statystyki odpowiedzi

Naj....NazwaRekord% Poprawnych
Największe państwo Australii i OceaniiAustralia7 682 300 km2
100%
Najludniejsze państwo Australii i OceaniiAustralia23 470 145 osób
64%
Największe miasto Australii i OceaniiSydney5 230 330 osoby
63%
Najmniej ludne państwo Australii i OceaniiNauru9642 osoby
42%
Najmniejsze państwo Australii i OceaniiNauru21 km2
40%
Największa wyspa Australii i OceaniiNowa Gwinea786 000 km2
31%
Najdłuższa rzeka Australii i OceaniiMurray | Darling3490 km
20%
Największy półwysep Australii i OceaniiJork137 000 km2
16%
Największe jezioro Australii i OceaniiEyre9500 km2
11%
Najwyższy szczyt Australii i OceaniiPuncak Jaya4884 m n.p.m
8%

Rozkład punktacji

Percentyl według liczby udzielonych odpowiedzi

Procent ludzi z każdym wynikiem

Twoja historia wyników

Nie rozwiązałeś tego quizu